[Event "Berlin Neukoelln op 7th"]
[Site "Berlin"]
[Date "2001.06.22"]
[Round "7"]
[White "Lavrentjev, Ivan"]
[Black "Draheim, Robert"]
[Result "1-0"]
[WhiteElo "1959"]
[BlackElo "2160"]
[PlyCount "83"]
[EventDate "2001.05.11"]
[EventType "swiss"]
[EventRounds "7"]
[EventCountry "GER"]
[SourceTitle "EXT 2022"]
[Source "ChessBase"]
[SourceDate "2021.10.06"]
[SourceVersion "1"]
[SourceVersionDate "2021.10.06"]
[SourceQuality "1"]

1. Nf3 g6 2. g3 Bg7 3. Bg2 e5 4. d3 Ne7 5. e4 Nbc6 6. c3 0-0 7. 0-0 d5 8. Qc2 h6 9. b4 a6 10. a3 Be6 11. h3 Qd7 12. Kh2 f5 13. Nbd2 Rad8 14. Ne1 f4 15. exd5 Nxd5 16. Ne4 fxg3+ 17. fxg3 b6 18. Nf3 Nde7 19. Nf2 Rf7 20. Qa4 Rdf8 21. Qd1 Bf5 22. Qe2 Kh7 23. Ne4 Kh8 24. a4 Rd8 25. Ne1 Nd5 26. Bd2 Rdf8 27. Nf3 Re8 28. Nh4 Kh7 29. b5 axb5 30. axb5 Na5 31. c4 Nb3 32. cxd5 Nxa1 33. Rxa1 Qxb5 34. g4 Bc8 35. Ra7 Ref8 36. d6 c5 37. Rxf7 Rxf7 38. Ng3 g5 39. Be4+ Kh8 40. Ng6+ Kg8 41. Bd5 Qe8 42. Ne7+ 1-0

[Event "Kreuzberg 2000"]
[Site "Berlin"]
[Date "2000.07.22"]
[Round "1"]
[White "Lavrentjev, Ivan"]
[Black "Tausch, Dirk"]
[Result "1-0"]
[WhiteElo "1955"]
[BlackElo "1295"]
[PlyCount "21"]
[EventDate "2000.07.??"]
[EventType "swiss"]
[EventRounds "9"]
[EventCountry "GER"]
[SourceTitle "EXT 2001"]
[Source "ChessBase"]
[SourceDate "2000.11.22"]
[SourceVersion "1"]
[SourceVersionDate "2000.11.22"]
[SourceQuality "1"]

1. Nf3 e5 2. Nxe5 d6 3. Nf3 Nc6 4. g3 Nf6 5. Bg2 Be7 6. 0-0 0-0 7. d3 Bg4 8. Nbd2 Re8 9. c3 Nd7 10. Qa4 Nb6 11. Qxg4 1-0